| 000 | 00390nam a2200157Ia 4500 | ||
|---|---|---|---|
| 003 | LK-CoDNM | ||
| 008 | 010623t1920 xxu||||| |||| 00| 1 sin d | ||
| 040 |
_aLK-CoDNM _dLK-CoDNM _eLK-CoDNM |
||
| 041 | _asin | ||
| 080 | _a104 J.15 | ||
| 245 | _aසිරිපා සඟරා | ||
| 246 | _aSiripa Magazine | ||
| 260 |
_bD.B.Disanayake _aKandy _c1920 |
||
| 300 | _b10p., 28 cm | ||
| 942 | _cBK | ||
| 999 |
_c90355 _d90355 |
||